000 00545nam a2200181Ia 4500
005 20250508163508.0
008 008 250505s9999 xx 000 0 eng d
037 _aTextual
040 _aFEDL
_beng
_cFEDL
041 _aeng
_2eng
084 _a370, APE
_qFEDL
245 0 _aReport of the apeejay task force on designing education for the twenty - first century
260 _aNew Delhi, India
_bApeejai Education Society
_c1994
300 _a72p
650 _aEducation
942 _cTEXL
_h370, APE
999 _c1383687
_d1383687